00235nam a2200097Ia 4500008004100000041000800041082001200049100002200061245004500083260000900128240625s9999 xx 000 0 und d aeng a657 BHA aBHATTACHARYYA S K aACCOUNTING FOR MANAGEMENT TEXT AND CASES c1996